| 000 | 01242cam a22003617a 4500 | ||
|---|---|---|---|
| 003 | CHAP | ||
| 005 | 20220817043421.0 | ||
| 008 | 980310d1997 mx a r 00010 spa d | ||
| 010 | _a74860 | ||
| 011 | _a75832 | ||
| 035 | _a85402 | ||
| 040 | _cCHAP | ||
| 090 | _aFolleto 14994 | ||
| 100 | 0 | 0 |
_aPezo, Danilo A. _987719 |
| 245 | 1 | 0 |
_aSistemas silvopastoriles : _buna opción para el uso sostenible de la tierra en sistemas ganaderos _c/por Danilo A. Pezo y Muhammad Ibrahlm |
| 260 |
_aMorelia, Mich. : _bFideicomisos Instituídos en Relación con la Agricultura, _c1997. |
||
| 300 |
_a44 p. : _bilus. ; gráfs. |
||
| 410 | _aFIRA | ||
| 490 | 0 |
_aBoletin informativo _v; XXIX (290) |
|
| 590 |
_aBATCH-UPD _b10 _c20130110 _lUCH01 _h0445 |
||
| 590 |
_aBATCH-UPD _b10 _c20130410 _lUCH01 _h0122 |
||
| 590 |
_aBATCH-UPD _b10 _c20130914 _lUCH01 _h0649 |
||
| 590 |
_aCONVERSION _b10 _c20130109 _lUCH01 _h1341 |
||
| 650 | 1 | 1 |
_aSilvicultura sustentable _9106136 |
| 650 | 1 | 4 | _aGanadería sustentable. |
| 650 | 1 | 4 |
_aGanadería y bosques. _944886 |
| 810 |
_aFIRA _941029 |
||
| 830 | 0 |
_aBoletin informativo _v; XXIX (290) |
|
| 901 | _aBK | ||
| 905 | _aAlejandra Carrasco M. | ||
| 942 | _cFOLL | ||
| 949 |
_aFolleto 14994 _bBC _cFOLL _d854021 _eTS1 _i85402 _sb |
||
| 999 |
_c74860 _d74860 |
||